000 00182 a2200097 4500
020 _a9780439879705
041 _aspa
100 _aLuz Orihuela
245 _aEl ruiseò¨r
942 _cBK
999 _c11975
_d11975